00651nam a2200169 a 450000100100000000500170001000800410002704000250006808200160009310000280010924500420013726000820017930000210026104900090028295201730029199900170046400003223320200930063537.0110713s1937 dr 000 p spa d aDO-SdBNPbspacBNPHU axxxxbM839p1 aMorel, Emilio A.93047010aPequeños poemas /cEmilio A. Morel. a[Ciudad Trujillo, República Dominicana] :bImprenta Listín Diario,c1937. a108 p. ;c24 cm. aBNPD 001050718RVaPDbPDcCTd2011-07-13iLF1l0oxxxx M839pp32233-10r2020-06-25w2020-06-25y1zPerteneció a la biblioteca personal de Martínez Boog.ZNo se presta c31724d31724